[Event "11th WUCC Women"]
[Site "Zuerich SUI"]
[Date "2010.09.06"]
[Round "2"]
[White "Alavi,H"]
[Black "Liyanagedara,L"]
[Result "1-0"]
[WhiteElo "1953"]
[BlackElo "1844"]
[EventDate "2010.09.05"]

1. d4 g6 2. c4 Nf6 3. Nc3 Bg7 4. e4 d6 5. Be2 Na6 6. Bg5 c5 7. d5 Nc7 8. h3
Bd7 9. Nf3 O-O 10. Qd2 Rb8 11. Bh6 b5 12. Bxg7 Kxg7 13. Qc2 bxc4 14. Bxc4
Nb5 15. O-O Qa5 16. Ne2 Rb7 17. Nd2 Rfb8 18. Nb3 Qd8 19. f4 Nc7 20. Rad1
Ba4 21. Nc3 Bxb3 22. axb3 Nd7 23. Qe2 Nb6 24. Bd3 a5 25. Qf3 Ra7 26. e5 Na6
27. h4 Nb4 28. Bb1 c4 29. h5 cxb3 30. f5 Qf8 31. hxg6 fxg6 32. Qg4 Qe8 33.
fxg6 hxg6 34. e6 Nc2 35. Rf7+ Qxf7 36. exf7 Kxf7 37. Rf1+ Kg7 38. Qf4 e5
39. dxe6 Kg8 40. Qf6 Rg7 41. e7 Re8 42. Qf8+ Rxf8 43. exf8=Q+ Kh7 44. Rf3
g5 45. g4 Nc4 46. Rh3+ Kg6 47. Qf5+ 1-0

[Event "11th WUCC Women"]
[Site "Zuerich SUI"]
[Date "2010.09.06"]
[Round "3"]
[White "Lkhamsuren,U"]
[Black "Tsereteli,T"]
[Result "1/2-1/2"]
[WhiteElo "2206"]
[BlackElo "2384"]
[EventDate "2010.09.05"]

1. e4 c5 2. Nf3 Nc6 3. Bb5 g6 4. Bxc6 dxc6 5. d3 Bg7 6. h3 e5 7. Be3 Qe7 8.
Nc3 Nf6 9. Qd2 Nd7 10. Bh6 f6 11. Nh2 Bxh6 12. Qxh6 Nf8 13. O-O-O Ne6 14.
Qd2 Bd7 15. Ng4 O-O-O 16. Ne2 Nd4 17. Ne3 Be6 18. Kb1 Qf7 19. b3 Qc7 20.
Rde1 Rd7 21. Qc3 b6 22. Rhf1 h5 23. f4 Rf7 24. fxe5 fxe5 25. Ng1 Rhf8 26.
Kb2 Rf2 27. Rxf2 Rxf2 28. Rf1 Rxf1 29. Nxf1 a5 30. Ne3 Qf7 31. Qe1 a4 32.
Qf1 Qf4 33. Qxf4 exf4 34. Nf1 axb3 35. axb3 g5 36. Nd2 Bg8 37. c3 Ne6 38.
Kc2 b5 39. Kd1 Kc7 40. Ke1 Kd6 41. Kf2 g4 42. h4 Ke5 43. Ne2 Bf7 44. b4
cxb4 45. d4+ Kd6 46. cxb4 Bg6 47. Kf1 Bh7 48. Kf2 Bg6 49. Kf1 f3 50. gxf3
gxf3 51. e5+ Kd5 52. Nxf3 Kc4 53. Kf2 Kxb4 54. Ke3 Ka3 55. Nd2 b4 56. Nc4+
Ka4 57. Kd2 Bf5 58. Ne3 Be4 59. Nc2 Bf3 60. Ng1 Be4 61. Ne2 Bf3 62. Ng1 Bg4
63. Kc1 Bf5 64. Nf3 Bxc2 65. Kxc2 Ka3 66. Kd3 b3 67. Nd2 b2 68. Kc3 Ka2 69.
Kc4 b1=Q 70. Nxb1 Kxb1 71. d5 cxd5+ 72. Kxd5 Ng7 73. e6 Kc2 74. e7 Kd3 75.
Ke5 Ne8 76. Kf5 Kd4 77. Kg6 Ke5 78. Kxh5 Kf6 79. Kg4 Kxe7 1/2-1/2

[Event "11th WUCC Women"]
[Site "Zuerich SUI"]
[Date "2010.09.06"]
[Round "3"]
[White "Severiukhina,Z"]
[Black "Drljevic,L"]
[Result "1-0"]
[WhiteElo "2313"]
[BlackElo "2273"]
[EventDate "2010.09.05"]

1. e4 d6 2. d4 Nf6 3. Nc3 g6 4. Be3 Bg7 5. Qd2 c6 6. h3 Nbd7 7. Nf3 O-O 8.
Bd3 e5 9. dxe5 dxe5 10. O-O Qe7 11. Ne2 Nc5 12. Qb4 Nfd7 13. Ng3 a5 14. Qd2
Nxd3 15. Qxd3 a4 16. Rfd1 a3 17. b3 Nc5 18. Qd6 Qxd6 19. Rxd6 Ne6 20. Rad1
h6 21. Nd2 Nd4 22. Bxd4 exd4 23. Nf3 c5 24. e5 Be6 25. Ne4 Rfc8 26. c4 Bf5
27. Re1 Rc7 28. Rb6 Bxe4 29. Rxe4 Re8 30. Kf1 Rd7 31. Rb5 f5 32. Re1 Rc7
33. h4 f4 34. Rb6 Kh7 35. Re4 Rce7 36. e6 Kg8 37. Ne1 Bf6 38. Nd3 Bxh4 39.
Nxf4 Rg7 40. Nd5 Bd8 41. Rd6 Ba5 42. Nf6+ Kf8 43. Nxe8 Kxe8 44. Rd5 Bb4 45.
f4 h5 46. Ke2 h4 47. Rg5 h3 48. gxh3 Rh7 49. e7 Rxh3 50. Rxg6 d3+ 51. Kf2
Rh2+ 52. Kg3 Rh8 53. Rd6 Rg8+ 54. Kf2 Kf7 55. Rxd3 Re8 56. Rd7 b6 57. Kf3
Bc3 58. Rd6 Ba5 59. Rde6 1-0

[Event "11th WUCC Women"]
[Site "Zuerich SUI"]
[Date "2010.09.06"]
[Round "3"]
[White "Sukandar,I"]
[Black "Cheremnova,T"]
[Result "1/2-1/2"]
[WhiteElo "2372"]
[BlackElo "2225"]
[EventDate "2010.09.05"]

1. e4 c6 2. d4 d5 3. Nc3 dxe4 4. Nxe4 Bf5 5. Ng3 Bg6 6. h4 h6 7. Nf3 Nd7 8.
h5 Bh7 9. Bd3 Bxd3 10. Qxd3 e6 11. Bd2 Ngf6 12. O-O-O Be7 13. Ne4 Nxe4 14.
Qxe4 Nf6 15. Qe2 Qd5 16. c4 Qe4 17. Qxe4 Nxe4 18. Be3 O-O 19. Ne5 Rfd8 20.
g4 Rac8 21. f3 Nd6 22. Kb1 b5 23. cxb5 cxb5 24. d5 exd5 25. Rxd5 a6 26.
Rhd1 Re8 27. Bc5 Nb7 28. Bxe7 Rxe7 29. f4 Ree8 30. Rd7 Nc5 31. Ra7 Ra8 32.
Rc7 Ne6 33. Rxf7 Nxf4 34. Rf5 Ng2 35. Rd7 Ne3 36. Rff7 Rxe5 37. Rxg7+ Kh8
38. Rh7+ Kg8 39. Rhg7+ Kh8 40. Rh7+ Kg8 41. Rhg7+ Kh8 1/2-1/2

[Event "11th WUCC Women"]
[Site "Zuerich SUI"]
[Date "2010.09.06"]
[Round "3"]
[White "Melekhina,A"]
[Black "Guramishvili,S"]
[Result "1/2-1/2"]
[WhiteElo "2273"]
[BlackElo "2343"]
[EventDate "2010.09.05"]

1. e4 c5 2. Nf3 d6 3. d4 cxd4 4. Nxd4 Nf6 5. Nc3 a6 6. Be3 e5 7. Nb3 Be6 8.
Qd2 Nbd7 9. f4 b5 10. f5 Bc4 11. O-O-O Rc8 12. g4 Nxg4 13. Bg5 Ngf6 14. Rg1
Be7 15. Bxf6 Nxf6 16. Rxg7 b4 17. Bxc4 Rxc4 18. Qd3 Qc8 19. Nd5 Nxd5 20.
Qxd5 Rxc2+ 21. Kb1 Qc4 22. Qa8+ Qc8 23. Qd5 Qc4 24. Qa8+ Qc8 1/2-1/2

[Event "11th WUCC Women"]
[Site "Zuerich SUI"]
[Date "2010.09.06"]
[Round "3"]
[White "Davletbayeva,M"]
[Black "Tuvshintugs,B"]
[Result "0-1"]
[WhiteElo "2163"]
[BlackElo "2333"]
[EventDate "2010.09.05"]

1. e4 e5 2. Nf3 Nc6 3. Bc4 Nf6 4. d4 exd4 5. O-O Nxe4 6. Re1 d5 7. Bxd5
Qxd5 8. Nc3 Qa5 9. Nxe4 Be6 10. Bd2 Bb4 11. Nxd4 Nxd4 12. c3 O-O 13. cxb4
Qf5 14. Bc3 Nb5 15. Nc5 Rad8 16. Qe2 Nxc3 17. bxc3 Bd5 18. f3 Qf6 19. Qe5
Qg6 20. Kh1 Qc6 21. Rad1 Rde8 22. Qd4 Bxa2 23. h3 h6 24. Rxe8 Rxe8 25. Ra1
Bd5 26. b5 Qd6 27. c4 Bxf3 28. Qxd6 cxd6 29. gxf3 dxc5 30. Rxa7 b6 31. Rb7
Re6 32. Kg2 g6 33. Kg3 Kg7 34. h4 Kf6 35. Rd7 Re7 36. Rd6+ Ke5 37. Rd5+ Ke6
38. Kf4 f6 39. Ke4 Ra7 40. Rd8 Ra4 41. Kd3 Ra3+ 42. Ke4 Rc3 43. h5 f5+ 44.
Kf4 Rxc4+ 45. Kg3 gxh5 46. Rh8 Rb4 47. Rxh6+ Ke5 48. Rxb6 h4+ 49. Kh3 Kf4
50. Kxh4 Kxf3+ 51. Kg5 f4 52. Rf6 Kg3 53. b6 f3 0-1

[Event "11th WUCC Women"]
[Site "Zuerich SUI"]
[Date "2010.09.06"]
[Round "3"]
[White "Fuchs,Ju"]
[Black "Alavi,H"]
[Result "1-0"]
[WhiteElo "2237"]
[BlackElo "1953"]
[EventDate "2010.09.05"]

1. e4 c6 2. Nf3 d5 3. exd5 cxd5 4. Ne5 Nc6 5. d4 Nf6 6. Bb5 Bd7 7. Nxd7
Qxd7 8. c3 e6 9. O-O Bd6 10. Nd2 O-O 11. Nf3 Ne4 12. Re1 Qc7 13. h3 a6 14.
Bd3 f5 15. c4 b6 16. cxd5 exd5 17. Qb3 Qf7 18. Qxb6 Nxd4 19. Nxd4 Bc5 20.
Qe6 Bxd4 21. Qxf7+ Rxf7 22. Re2 Rb7 23. Rb1 Rab8 24. Bf4 Nc3 25. Bxb8 Nxe2+
26. Bxe2 Rxb8 27. b3 Bc3 28. Rd1 d4 29. Bxa6 Kf7 30. Bc4+ Kf6 31. Kf1 Re8
32. g3 Re4 33. Kg2 g5 34. a3 Re7 35. Kf3 h5 36. Rb1 g4+ 37. Kg2 Ra7 38. a4
Rb7 39. Rc1 Ke5 40. Rc2 Re7 41. Bd3 Kf6 42. Ra2 Ba5 43. b4 Bxb4 44. a5 Bc5
45. a6 Ba7 46. Rc2 Bb6 47. Rc6+ Re6 48. Rxb6 1-0

[Event "11th WUCC Women"]
[Site "Zuerich SUI"]
[Date "2010.09.06"]
[Round "3"]
[White "Martinez,Jan"]
[Black "Zhang Ying"]
[Result "0-1"]
[WhiteElo "1949"]
[BlackElo "2210"]
[EventDate "2010.09.05"]

1. d4 Nf6 2. Nf3 g6 3. c4 c5 4. e3 Bg7 5. g3 O-O 6. Bg2 cxd4 7. exd4 d5 8.
c5 Nc6 9. O-O b6 10. Ne5 Bb7 11. Nxc6 Bxc6 12. cxb6 Qxb6 13. Nc3 Rad8 14.
Na4 Qb4 15. Nc5 Ne4 16. a3 Qb6 17. b4 a5 18. Be3 axb4 19. Qb3 Nxc5 20. dxc5
Qb7 21. Qxb4 Qxb4 22. axb4 Bxa1 23. Rxa1 Ra8 24. Rb1 Rfb8 25. Bf4 Rb7 26.
h4 Ra4 27. Bd2 Ra2 28. Bf4 Rc2 29. Be3 e6 30. Bf3 Rc4 31. Bd2 Rxc5 32. Ra1
Rc2 33. Be1 d4 34. Bd1 Rb2 35. h5 Rb8 36. h6 Be4 37. Rc1 Rb1 38. Rxb1 Bxb1
39. Kg2 d3 40. Kf3 Bc2 41. Bxc2 dxc2 42. Bd2 Rxb4 0-1

[Event "11th WUCC Women"]
[Site "Zuerich SUI"]
[Date "2010.09.06"]
[Round "3"]
[White "Rajapaksha,A"]
[Black "Djukic,Sa"]
[Result "0-1"]
[WhiteElo "1790"]
[BlackElo "2198"]
[EventDate "2010.09.05"]

1. Nf3 Nf6 2. d4 d5 3. e3 c5 4. c4 cxd4 5. exd4 Nc6 6. Nc3 e6 7. Be2 Be7 8.
O-O O-O 9. Be3 dxc4 10. Bxc4 Nb4 11. a3 Nbd5 12. Nxd5 Nxd5 13. Bd2 b6 14.
Ne5 Bb7 15. Qe2 a6 16. Rac1 Bf6 17. Rfd1 Bg5 18. Qg4 Bxd2 19. Rxd2 Rc8 20.
Rdc2 h5 21. Qxh5 Nf4 22. Qg4 Qxd4 23. Nd3 Be4 24. Qxf4 b5 25. Rc3 Rxc4 26.
Rxc4 bxc4 27. Ne1 e5 28. Qe3 Rc8 29. Qc3 Rc6 30. Nf3 Bxf3 31. Qxf3 Qxb2 32.
Re1 Rf6 33. Qa8+ Kh7 34. Qe4+ g6 35. f3 Qd4+ 36. Qxd4 exd4 37. Re4 Rd6 38.
Kf2 c3 39. Ke1 d3 40. Rc4 d2+ 41. Kd1 Rd3 42. Rc7 Kg7 43. a4 Re3 44. Rd7
Re1+ 45. Kc2 Rc1+ 0-1

[Event "11th WUCC Women"]
[Site "Zuerich SUI"]
[Date "2010.09.06"]
[Round "3"]
[White "Lestari,B"]
[Black "Garcia,Lir"]
[Result "1-0"]
[WhiteElo "2177"]
[BlackElo "1908"]
[EventDate "2010.09.05"]

1. e4 c6 2. d4 d5 3. Nc3 g6 4. Nf3 Bg4 5. Be2 Bg7 6. Be3 dxe4 7. Nxe4 Nf6
8. Nxf6+ exf6 9. O-O O-O 10. c3 Nd7 11. Qb3 Nb6 12. h3 Be6 13. c4 Qc7 14.
Rac1 Rad8 15. Rfd1 Qb8 16. a4 Rfe8 17. a5 Nc8 18. d5 cxd5 19. cxd5 Bd7 20.
Nd4 f5 21. Nc6 Bxc6 22. dxc6 Rxd1+ 23. Bxd1 Nd6 24. c7 Qc8 25. Bf3 Re7 26.
Qc2 Nb5 27. Bxb7 Qxc7 28. Qxc7 Nxc7 29. b4 Bb2 30. Rd1 Bc3 31. Bc5 Re8 32.
Bxa7 Bxb4 33. Bb6 Ne6 34. a6 Nc5 35. Rd8 Rxd8 36. Bxd8 Nxa6 37. Bxa6 Bc3
38. Kf1 Bd4 39. Ke2 Kg7 40. f3 h6 41. Kd3 Bf2 42. Ba5 g5 43. Bc3+ Kg6 44.
Ke2 Bg3 45. Bd3 Bd6 46. g4 1-0

[Event "11th WUCC Women"]
[Site "Zuerich SUI"]
[Date "2010.09.06"]
[Round "3"]
[White "Dale,H"]
[Black "Van Nies,P"]
[Result "1/2-1/2"]
[WhiteElo "1779"]
[BlackElo "2167"]
[EventDate "2010.09.05"]

1. c4 Nf6 2. Nc3 b6 3. Nf3 Bb7 4. d3 e6 5. g3 d5 6. cxd5 exd5 7. d4 Be7 8.
Bg2 O-O 9. O-O c6 10. Re1 Re8 11. Ne5 Nbd7 12. f4 Rc8 13. Bh3 Ra8 14. e3
Nxe5 15. fxe5 Ne4 16. Nxe4 dxe4 17. e6 fxe6 18. Bxe6+ Kh8 19. Bf7 Rf8 20.
Rf1 Qd6 21. Qh5 Bc8 22. Bd2 g6 23. Qe5+ Qxe5 24. dxe5 Bf5 25. e6 h5 26.
Bc3+ Kh7 27. Rad1 Rad8 28. Be5 Bh3 29. Rfe1 Bg4 30. Rd4 Bf3 31. Bc7 Rxd4
32. exd4 Rc8 33. Be5 Rd8 34. Kf2 1/2-1/2

[Event "11th WUCC Women"]
[Site "Zuerich SUI"]
[Date "2010.09.06"]
[Round "3"]
[White "Naydenova,Yordanka"]
[Black "Hemmatizadeh,N"]
[Result "0-1"]
[WhiteElo "1788"]
[BlackElo "1891"]
[EventDate "2010.09.05"]

1. e4 c5 2. Nc3 Nc6 3. g3 g6 4. Bg2 Bg7 5. Nh3 Nf6 6. O-O d6 7. d3 O-O 8.
Nf4 Rb8 9. a4 Bd7 10. h3 a6 11. Be3 b5 12. axb5 axb5 13. Qd2 Qc8 14. g4 b4
15. Ncd5 Nxd5 16. exd5 Nd4 17. Bxd4 Bxd4 18. c3 Bg7 19. Rfe1 bxc3 20. bxc3
Re8 21. Rab1 Rxb1 22. Rxb1 Qa6 23. Ne2 Ra8 24. Qe3 Re8 25. d4 Bb5 26. Re1
Bxe2 27. Rxe2 cxd4 28. cxd4 Bxd4 29. Qd2 Qa7 30. Re4 Be5 31. Bf1 Rb8 32.
Rc4 Rb2 33. Rc2 Rb3 34. Kg2 Qb7 35. Bc4 Rb1 36. Qd3 Kg7 37. Ba6 Qb4 38. Re2
Ra1 39. Bc4 Ra4 40. Re4 Qb2 41. h4 Ra3 42. Re2 Rxd3 43. Rxb2 Rd4 44. Rc2
Rxg4+ 45. Kh3 Rg1 46. Re2 Rh1+ 47. Kg4 Bf6 48. f4 Rxh4+ 49. Kg3 h5 0-1

[Event "11th WUCC Women"]
[Site "Zuerich SUI"]
[Date "2010.09.06"]
[Round "3"]
[White "Liyanagedara,L"]
[Black "Heinatz,M"]
[Result "1/2-1/2"]
[WhiteElo "1844"]
[BlackElo "1935"]
[EventDate "2010.09.05"]

1. d4 d5 2. Nf3 c6 3. c3 Nf6 4. Bg5 Ne4 5. Bf4 Bf5 6. e3 e6 7. Nbd2 Nf6 8.
Be2 Bd6 9. Bxd6 Qxd6 10. O-O O-O 11. Qb3 Qc7 12. c4 Nbd7 13. cxd5 exd5 14.
Bd3 Bxd3 15. Qxd3 Rfe8 16. b4 Ne4 17. Rfc1 Ndf6 18. h3 Qd6 19. Qb3 Rac8 20.
Rc2 Rc7 21. Rac1 Rec8 22. Qa4 a6 23. Nb3 g5 24. Ne5 Nd7 25. Nxd7 Qxd7 26.
Nc5 Qf5 27. Qb3 h5 28. Qd3 Nd6 29. Qxf5 Nxf5 30. Rb2 Nd6 31. Re2 Re8 32.
Rce1 Rce7 33. Kf1 Nf5 34. Rd1 Kg7 35. Rd3 1/2-1/2

[Event "11th WUCC Women"]
[Site "Zuerich SUI"]
[Date "2010.09.06"]
[Round "3"]
[White "Kadek,I"]
[Black "Ferreira,Ana"]
[Result "1-0"]
[WhiteElo "1889"]
[BlackElo "1816"]
[EventDate "2010.09.05"]

1. e4 c5 2. Nf3 e6 3. d4 cxd4 4. Nxd4 a6 5. c4 Nf6 6. Nc3 Qc7 7. Be2 Bb4 8.
Qd3 d5 9. exd5 exd5 10. cxd5 Nxd5 11. Qe4+ Ne7 12. O-O O-O 13. Bf4 Bd6 14.
Ncb5 axb5 15. Nxb5 Qb6 16. Bxd6 Re8 17. Bxe7 Nc6 18. Bd3 g6 19. Bc5 Qxc5
20. Qxe8+ Kg7 21. Rac1 Qg5 22. Qe2 h5 23. Nd6 Bh3 24. Qf3 Be6 25. Qg3 Qf6
26. Bc4 Nd4 27. Rfe1 1-0

[Event "11th WUCC Women"]
[Site "Zuerich SUI"]
[Date "2010.09.07"]
[Round "4"]
[White "Borosova,Z"]
[Black "Severiukhina,Z"]
[Result "1/2-1/2"]
[WhiteElo "2277"]
[BlackElo "2313"]
[EventDate "2010.09.05"]

1. e4 d6 2. d4 Nf6 3. Nc3 g6 4. Be3 c6 5. h3 Nbd7 6. f4 Qa5 7. Bd3 e5 8.
Nf3 Bg7 9. O-O O-O 10. Qe1 Qc7 11. Qf2 exd4 12. Bxd4 b5 13. e5 Nh5 14. exd6
Qxd6 15. Bxg7 Nxg7 16. Qd4 Qc7 17. f5 Rb8 18. Qh4 Nh5 19. Ne4 Qd8 20. fxg6
fxg6 21. Qxd8 Rxd8 22. Nfg5 Rf8 23. Rxf8+ Nxf8 24. Rf1 Ne6 25. g4 Nhf4 26.
Nf6+ Kg7 27. Nfxh7 Nxd3 28. cxd3 Rb7 29. a3 c5 30. Nxe6+ Bxe6 31. Ng5 Bd5
32. Rf2 Re7 33. Rc2 1/2-1/2

[Event "11th WUCC Women"]
[Site "Zuerich SUI"]
[Date "2010.09.07"]
[Round "4"]
[White "Guramishvili,S"]
[Black "Lkhamsuren,U"]
[Result "1-0"]
[WhiteElo "2343"]
[BlackElo "2206"]
[EventDate "2010.09.05"]

1. c4 Nf6 2. Nf3 c6 3. Nc3 d5 4. e3 e6 5. b3 Bd6 6. Bb2 O-O 7. Qc2 Re8 8.
Be2 Nbd7 9. h3 b6 10. g4 dxc4 11. bxc4 Bb7 12. g5 Nh5 13. Ne4 Nc5 14. Nxc5
Bxc5 15. O-O-O Bf8 16. Ne5 Qxg5 17. Rhg1 Qh4 18. Nd7 Red8 19. Nxf8 Kxf8 20.
Qxh7 g6 21. Bxh5 gxh5 22. f4 Ke7 23. Rg6 Qxh3 24. Bf6+ Kd6 25. Qxf7 Re8 26.
Qxb7 Qf3 27. Be5+ Kc5 28. Qa6 Rad8 29. Qa3+ Kxc4 30. Qb3+ Kc5 31. d4+ 1-0

[Event "11th WUCC Women"]
[Site "Zuerich SUI"]
[Date "2010.09.07"]
[Round "4"]
[White "Yanjindulam,D"]
[Black "Sukandar,I"]
[Result "1-0"]
[WhiteElo "2212"]
[BlackElo "2372"]
[EventDate "2010.09.05"]

1. e4 e5 2. Nf3 Nc6 3. d4 exd4 4. Nxd4 Bc5 5. Nxc6 Qf6 6. Qf3 bxc6 7. Nd2
d6 8. Nb3 Bb6 9. a4 a5 10. Bd2 Qg6 11. O-O-O Ne7 12. h3 Be6 13. Bd3 O-O 14.
g4 Bxb3 15. cxb3 Qe6 16. Bc4 d5 17. exd5 Nxd5 18. Rhe1 Qg6 19. Re5 Rad8 20.
h4 Nb4 21. Rf5 Rd4 22. Bxb4 Rxd1+ 23. Qxd1 axb4 24. Rxf7 Qxf7 25. f3 g6 26.
Qe2 Kg7 27. Bxf7 Rxf7 28. Qe5+ Kf8 29. a5 Bf2 30. f4 Bxh4 31. a6 Bf2 32. f5
gxf5 33. gxf5 Bb6 34. f6 1-0

[Event "11th WUCC Women"]
[Site "Zuerich SUI"]
[Date "2010.09.07"]
[Round "4"]
[White "Tuvshintugs,B"]
[Black "Fuchs,Ju"]
[Result "1/2-1/2"]
[WhiteElo "2333"]
[BlackElo "2237"]
[EventDate "2010.09.05"]

1. d4 Nf6 2. Nf3 e6 3. c4 b6 4. a3 Bb7 5. Nc3 d5 6. cxd5 Nxd5 7. Bd2 Be7 8.
Qc2 O-O 9. Nxd5 Bxd5 10. e4 Bb7 11. Bc3 c5 12. dxc5 bxc5 13. Be2 Nd7 14.
O-O Qc7 15. Nd2 Bd6 16. h3 Bf4 17. Nc4 Rab8 18. Rfd1 Rfd8 19. Be1 Nb6 20.
Bc3 Nxc4 21. Bxc4 Bh2+ 22. Kh1 Be5 23. Rxd8+ Rxd8 24. Re1 h6 25. Kg1 Bh2+
26. Kf1 Be5 27. Kg1 Bxc3 28. Qxc3 Rd4 29. Bd3 Qd6 30. Re3 e5 31. Qb3 Qc7
32. Qb5 Qc6 1/2-1/2

[Event "11th WUCC Women"]
[Site "Zuerich SUI"]
[Date "2010.09.07"]
[Round "4"]
[White "Djukic,Sa"]
[Black "Melekhina,A"]
[Result "1/2-1/2"]
[WhiteElo "2198"]
[BlackElo "2273"]
[EventDate "2010.09.05"]

1. d4 Nf6 2. c4 g6 3. Nc3 Bg7 4. e4 d6 5. f3 O-O 6. Be3 a6 7. Qd2 Nbd7 8.
a4 a5 9. Nge2 e5 10. d5 Nc5 11. Nc1 Nh5 12. Qc2 f5 13. Nd3 b6 14. Nxc5 bxc5
15. O-O-O Bd7 16. Qd2 Nf6 17. Bd3 fxe4 18. Bxe4 Bf5 19. Bxf5 gxf5 20. Bg5
Qd7 21. Rhe1 Rfb8 22. Nb5 Re8 23. Re2 Kh8 24. Rde1 Ng8 25. Kb1 Qf7 26. Ka2
Rec8 27. Qc2 Bh6 28. Bxh6 Nxh6 29. f4 e4 30. Qc3+ Qg7 31. Qxg7+ Kxg7 32. h3
Kf7 33. g4 fxg4 34. hxg4 Nxg4 35. Rxe4 h5 36. Re7+ Kf8 37. Nxc7 Ra7 38.
Re8+ Rxe8 39. Rxe8+ Kf7 40. Rc8 Nf6 41. f5 Ke7 42. Ne6 Ne8 43. Rb8 h4 44.
Nf4 Kf7 45. Ng6 h3 46. Rb3 Ng7 47. Rxh3 Nxf5 48. Rh7+ Ng7 49. Nf4 Kg8 50.
Rh3 Rf7 51. Ne6 Nxe6 52. dxe6 Re7 53. Rb3 Kf8 54. Rb6 Rxe6 55. Rb5 Ke7 56.
Rxa5 Kd7 57. Rb5 Re4 58. b3 Kc7 59. Kb2 Re8 60. Kc3 Ra8 61. a5 Ra6 62. b4
cxb4+ 63. Kxb4 Kc6 64. Kc3 Ra8 65. Kb4 Ra6 66. Rb8 Kc7 67. Kb5 Ra7 68. Rb6
Ra8 69. a6 Ra7 70. Rc6+ Kd7 71. c5 dxc5 72. Rxc5 Ra8 73. Rc4 Rb8+ 74. Ka5
Ra8 75. Rh4 Kc6 76. Rh6+ Kc7 77. Rh7+ Kc6 78. Rh6+ Kc7 79. Kb5 Rg8 80. Rh7+
Kb8 1/2-1/2

[Event "11th WUCC Women"]
[Site "Zuerich SUI"]
[Date "2010.09.07"]
[Round "4"]
[White "Hoolt,S"]
[Black "Seps,M"]
[Result "0-1"]
[WhiteElo "2251"]
[BlackElo "2184"]
[EventDate "2010.09.05"]

1. e4 c5 2. Nf3 d6 3. d4 cxd4 4. Nxd4 Nf6 5. Nc3 a6 6. Bg5 Nbd7 7. Bc4 e6
8. f4 Qa5 9. Qe2 Be7 10. O-O-O O-O 11. g4 Re8 12. Bxf6 Bxf6 13. g5 Bxd4 14.
Rxd4 b5 15. Bb3 Nc5 16. Kb1 Bb7 17. Rf1 b4 18. Nd1 Qb6 19. e5 dxe5 20. Qxe5
Rad8 21. Rxd8 Rxd8 22. f5 Ne4 23. Kc1 Nd2 24. Rf2 Nf3 25. Qg3 Rxd1+ 26.
Kxd1 Qd4+ 27. Ke2 Qd2+ 28. Kf1 Qe1+ 0-1

[Event "11th WUCC Women"]
[Site "Zuerich SUI"]
[Date "2010.09.07"]
[Round "4"]
[White "Kharashuta,E"]
[Black "Salman,Ma"]
[Result "1-0"]
[WhiteElo "2298"]
[BlackElo "2001"]
[EventDate "2010.09.05"]

1. Nf3 Nf6 2. c4 g6 3. g3 Bg7 4. Bg2 O-O 5. O-O d6 6. d4 Nbd7 7. Nc3 e5 8.
h3 c6 9. e4 Re8 10. Be3 exd4 11. Nxd4 Nc5 12. Qc2 a5 13. Rad1 Qe7 14. Rfe1
Qc7 15. f4 Bd7 16. Bf2 Rad8 17. Nde2 Ne6 18. Na4 c5 19. Nac3 Rc8 20. Qd2
Bf8 21. g4 Bc6 22. b3 Qb6 23. f5 Ng7 24. Nf4 Qb4 25. Bh4 Be7 26. Nd3 Qb6
27. g5 Nxe4 28. Bxe4 Bxe4 29. Rxe4 Nxf5 30. Nd5 Qd8 31. Rde1 h6 32. Nxe7+
Rxe7 33. Rxe7 Nxh4 34. Qf4 Nf5 35. Re8+ Qxe8 36. Rxe8+ Rxe8 37. gxh6 Re2
38. Qg5 Re3 39. Qd8+ Kh7 40. Nf4 Rf3 41. Nd5 Nxh6 42. Kg2 Rd3 43. Qf8 1-0

[Event "11th WUCC Women"]
[Site "Zuerich SUI"]
[Date "2010.09.07"]
[Round "4"]
[White "Nakhbayeva,G"]
[Black "Lestari,B"]
[Result "1-0"]
[WhiteElo "2216"]
[BlackElo "2177"]
[EventDate "2010.09.05"]

1. d4 d5 2. c4 c6 3. Nf3 Nf6 4. e3 e6 5. Bd3 Nbd7 6. O-O dxc4 7. Bxc4 b5 8.
Bd3 a6 9. e4 Bb7 10. a4 Be7 11. Nbd2 e5 12. Qc2 Bd6 13. dxe5 Bxe5 14. Nxe5
Nxe5 15. Be2 O-O 16. b4 Qd6 17. Nb3 Ned7 18. Rd1 Qe6 19. Bf4 c5 20. f3 cxb4
21. Rd6 Rfc8 22. Qb2 Qe7 23. Nd4 g6 24. h3 Ne5 25. Qxb4 a5 26. Qxb5 Qxd6
27. Bxe5 Qe7 28. Bg3 Nxe4 29. fxe4 Qxe4 30. Nf3 Ba6 31. Qxa6 Rxa6 32. Bxa6
Rc3 33. Bf2 Qc6 34. Bb5 Rc1+ 35. Kh2 Qd6+ 36. Bg3 Qd1 37. Rxc1 Qxc1 38. Ne5
f5 39. Nd3 Qe3 40. Bc7 Qd2 41. Bc4+ Kf8 42. Bd6+ Ke8 43. Bb5+ Kd8 44. Bf4
Qc2 45. Ne5 Ke7 46. Nc6+ Kf6 47. Bc7 g5 48. Bd8+ Kg6 49. Ne5+ Kh6 50. Be7
g4 51. hxg4 Qe4 52. g5+ Kg7 53. Bf6+ Kf8 54. Nd3 Qh4+ 55. Kg1 Qg3 56. Bc3
f4 57. Be5 Qe3+ 58. Kh2 Qg3+ 59. Kh1 Qxg5 60. Bxf4 Qh5+ 61. Kg1 Qd1+ 62.
Kf2 Qc2+ 63. Kf3 Qd1+ 64. Kg3 Qb3 65. Bc7 Qc3 66. Bd6+ Kg8 67. Be5 Qb3 68.
Kf4 Qf7+ 69. Ke3 Qa7+ 70. Kd2 Qg1 71. g3 Qb6 72. Kc3 h6 73. Kc4 Kh7 74. Nf4
Qe3 75. Nd3 Qe4+ 76. Kc5 Qb7 77. Bf4 h5 78. Ne5 Qc8+ 79. Nc6 Qf5+ 80. Be5
Qf2+ 81. Kd6 Qd2+ 82. Kc7 Kg6 83. Kb6 Qe1 84. Bc7 Kg5 85. Nxa5 Qe3+ 86. Kb7
Qc5 87. Nc6 Kg4 88. Be2+ Kg5 89. a5 Qc2 90. Bf4+ Kg6 91. Bd3+ 1-0

[Event "11th WUCC Women"]
[Site "Zuerich SUI"]
[Date "2010.09.07"]
[Round "4"]
[White "Hemmatizadeh,N"]
[Black "Lindiawati,E"]
[Result "1/2-1/2"]
[WhiteElo "1891"]
[BlackElo "2133"]
[EventDate "2010.09.05"]

1. c4 Nf6 2. Nc3 e5 3. g3 Be7 4. Bg2 O-O 5. Nf3 Nc6 6. O-O d6 7. d4 exd4 8.
Nxd4 Ne5 9. b3 c5 10. Nc2 Rb8 11. Ne3 Bd7 12. Bb2 Bc6 13. Ncd5 Nxd5 14.
Nxd5 f5 15. Qd2 Kh8 16. Rfd1 Bxd5 17. Qxd5 Qc7 18. h3 b6 19. Bxe5 dxe5 20.
Qd7 Qxd7 21. Rxd7 Bf6 22. Rxa7 e4 23. Rd1 Ra8 24. Rxa8 Rxa8 25. a4 Rd8 26.
Rd5 Rxd5 27. cxd5 Kg8 28. e3 Kf7 29. f3 exf3 30. Bxf3 Ke7 31. Kf2 Kd6 32.
g4 fxg4 33. hxg4 h6 34. Kg3 Bg5 1/2-1/2

[Event "11th WUCC Women"]
[Site "Zuerich SUI"]
[Date "2010.09.07"]
[Round "4"]
[White "Davletbayeva,M"]
[Black "Kadek,I"]
[Result "1-0"]
[WhiteElo "2163"]
[BlackElo "1889"]
[EventDate "2010.09.05"]

1. e4 c5 2. c3 g6 3. d4 Qc7 4. dxc5 Qxc5 5. Be3 Qc7 6. Na3 b6 7. Nb5 Qc6 8.
Qd5 Qxd5 9. exd5 Na6 10. Bd4 f6 11. O-O-O Kf7 12. f4 d6 13. Nf3 Nh6 14.
Ng5+ Kg8 15. Nf3 Nf5 16. Bf2 Bh6 17. g3 Kf7 18. Kb1 Ng7 19. Nfd4 Nc5 20.
Re1 a6 21. Na3 Bb7 22. c4 Rac8 23. Nac2 b5 24. Nb4 bxc4 25. Ndc6 Rhe8 26.
Bxc4 Kf8 27. Bxc5 dxc5 28. Nxa6 e6 29. Nxc5 Bxc6 30. dxc6 Rxc6 31. b4 Rd6
32. Rd1 Red8 33. Kc2 Ke7 34. Rxd6 Rxd6 35. Re1 g5 36. Nxe6 Nxe6 37. f5 g4
38. Re2 Rc6 39. Kb3 Bg5 40. fxe6 h5 41. b5 Rc8 42. a4 h4 43. b6 f5 44. a5
f4 45. gxf4 Bxf4 46. a6 g3 47. hxg3 hxg3 48. a7 Rg8 49. Bd5 1-0

[Event "11th WUCC Women"]
[Site "Zuerich SUI"]
[Date "2010.09.07"]
[Round "4"]
[White "Van Nies,P"]
[Black "Rajapaksha,A"]
[Result "1-0"]
[WhiteElo "2167"]
[BlackElo "1790"]
[EventDate "2010.09.05"]

1. e4 e6 2. d4 d5 3. Nd2 c5 4. Ngf3 Nc6 5. dxc5 Bxc5 6. Nb3 Bd6 7. exd5
exd5 8. c3 Nf6 9. Bg5 Be6 10. Be2 O-O 11. O-O Be7 12. Re1 Qb6 13. Be3 Qc7
14. Nbd4 Bg4 15. h3 Bh5 16. Nf5 a6 17. Bg5 Rad8 18. Nxe7+ Qxe7 19. Bxa6 Qc7
20. Bxf6 gxf6 21. Be2 Kh8 22. Nd4 Bg6 23. Qd2 Rg8 24. Bf1 Qd7 25. Qf4 Qd6
26. Qxd6 Rxd6 27. Rad1 Ne5 28. f4 Nc6 29. f5 Bh5 30. g4 Ne5 31. Be2 Rg5 32.
Kf2 Nxg4+ 33. hxg4 Bxg4 34. Bxg4 Rxg4 35. Kf3 Rg8 36. Re7 Rg7 37. Re8+ Rg8
38. Rxg8+ Kxg8 39. Nb5 Rd8 40. c4 d4 41. Rxd4 Rc8 42. b3 Rc5 43. Rd5 Rc8
44. Rd7 Rc5 45. Nd6 b6 46. Kf4 Re5 47. Rd8+ Kg7 48. Ne8+ Kh6 49. Nxf6 1-0

[Event "11th WUCC Women"]
[Site "Zuerich SUI"]
[Date "2010.09.07"]
[Round "4"]
[White "Hegarty,S"]
[Black "Dale,H"]
[Result "1-0"]
[WhiteElo "2084"]
[BlackElo "1779"]
[EventDate "2010.09.05"]

1. e4 e6 2. d4 d5 3. Nc3 Bb4 4. e5 c5 5. a3 Bxc3+ 6. bxc3 Ne7 7. h4 h6 8.
h5 Nbc6 9. Qg4 Nf5 10. Nf3 Qa5 11. Bd2 c4 12. Qf4 Bd7 13. g4 Nfe7 14. Be2
Qa4 15. Ra2 Qb5 16. O-O O-O-O 17. a4 Qa5 18. Rb1 Qc7 19. Bc1 Rdf8 20. Ba3
f5 21. Bd6 Qd8 22. g5 hxg5 23. Qxg5 f4 24. Nh4 Be8 25. Rab2 b6 26. a5 Nf5
27. Qxd8+ Kxd8 28. axb6 axb6 29. Bxf8 Nxh4 30. Bxg7 Rg8 31. h6 Nf5 32. Kh2
Nxh6 33. Bf6+ Kc8 34. Rxb6 Nf5 35. Rg1 Rf8 36. Bg4 Kc7 37. Rb2 Bg6 38. Bxf5
1-0